Elaboración de un sistema de gestión de compras, facturación y comisiones para la distribuidora Josmydalbe

Presenta el desarrollo de un prototipo informático que automatiza los procesos de ventas, compras y pagos de comisiones para la distribuidora Josmydalb, se emplea la metodología orientada a objetos y el proceso unificado de desarrollo de software RUP, basado en UML extendido para el modelado del s...

Full description

Bibliographic Details
Main Author: Herrera Ordoñez, Luis Manuel
Other Authors: Tutor: Castaño Umaña, Reynaldo Antonio
Format: Tesis Section = Libro
Language:Undetermined
Spanish
Published: Managua UNI 2011
Subjects:
LEADER 01222nam a2200241Ia 4500
008 240830s9999 xx 000 0 und d
040 |a BIBLIOTECA-RUPAP T.Mon 004.2 H565 
041 |a spa 
082 |a T.Mon 004.2 H565 
100 1 |a Herrera Ordoñez, Luis Manuel 
245 1 0 |a Elaboración de un sistema de gestión de compras, facturación y comisiones para la distribuidora Josmydalbe 
260 |a Managua  |b UNI  |c 2011 
300 |a 170 p. :il. 
500 |a Contiene: anexos e Incluye: CD. 
502 |a Tesis (Ingeniero de Sistemas)- UNI, 2011. 
520 3 |a Presenta el desarrollo de un prototipo informático que automatiza los procesos de ventas, compras y pagos de comisiones para la distribuidora Josmydalb, se emplea la metodología orientada a objetos y el proceso unificado de desarrollo de software RUP, basado en UML extendido para el modelado del sistema de gestión de compras, facturación y comisiones. 
650 7 |a ANALISIS Y DISEÑO DE SISTEMAS 
650 7 |b SISTEMA DE INFORMACION AUTOMATIZADO - FACTURACION 
650 7 |c SISTEMA DE ALMACENAMIENTO Y RECUPERACION DE LA INFORMACION 
700 1 |a Tutor:  |b Castaño Umaña, Reynaldo Antonio 
942 |c BK  |2 ddc 
991 |a TESIS 
999 |c 17991